[Event "Hull 4NCL op-B"]
[Site "Hull"]
[Date "2023.09.09"]
[Round "3"]
[White "Slinger, Tony J"]
[Black "Cuaresma, Bien"]
[Result "1-0"]
[WhiteElo "1860"]
[BlackElo "1701"]
[PlyCount "113"]
[EventDate "2023.09.08"]
[EventType "swiss"]
[EventRounds "5"]
[EventCountry "ENG"]
[SourceTitle "EXT 2024"]
[Source "ChessBase"]
[SourceDate "2023.10.10"]
[SourceVersion "1"]
[SourceVersionDate "2023.10.10"]
[SourceQuality "1"]

1. d4 Nf6 2. Nc3 d6 3. Bg5 Nbd7 4. Qd2 c6 5. e4 Qc7 6. f4 e5 7. Nf3 b5 8. Bd3 b4 9. Ne2 a5 10. 0-0 Be7 11. Kh1 0-0 12. Ng3 Re8 13. Nf5 Bf8 14. Rae1 c5 15. c3 Bb7 16. fxe5 dxe5 17. d5 c4 18. Bc2 bxc3 19. bxc3 a4 20. Rb1 Ra6 21. Qe1 Nc5 22. Qe2 Ncd7 23. Nd2 Ra5 24. Ne3 Ba6 25. Ng4 Nxg4 26. Qxg4 Bc8 27. Qf3 f6 28. Be3 Bd6 29. Qe2 Ba6 30. Qh5 Re7 31. Qd1 a3 32. Qe2 Re8 33. Nf3 Nf8 34. Bb6 Qd7 35. Bxa5 Ng6 36. g3 Ra8 37. Bb4 Nf8 38. Bxd6 Qxd6 39. Rb4 Nd7 40. Rfb1 g6 41. h3 Qc7 42. Kh2 Rf8 43. Qe3 Kg7 44. Rb6 Qa7 45. Qg1 Rf7 46. Ng5 Re7 47. Ne6+ Kg8 48. Rb7 Qxg1+ 49. Kxg1 Bxb7 50. Rxb7 Kf7 51. Ba4 Ke8 52. Nc5 Kd8 53. Rxd7+ Rxd7 54. Nxd7 Ke7 55. Nb6 f5 56. Nxc4 fxe4 57. Kf2 1-0

[Event "Hull 4NCL op-B"]
[Site "Hull"]
[Date "2023.09.08"]
[Round "1"]
[White "Ginestie, Martin"]
[Black "Slinger, Tony J"]
[Result "1/2-1/2"]
[WhiteElo "1512"]
[BlackElo "1860"]
[PlyCount "47"]
[EventDate "2023.09.08"]
[EventType "swiss"]
[EventRounds "5"]
[EventCountry "ENG"]
[SourceTitle "EXT 2024"]
[Source "ChessBase"]
[SourceDate "2023.10.10"]
[SourceVersion "1"]
[SourceVersionDate "2023.10.10"]
[SourceQuality "1"]

1. Nf3 d5 2. d4 Nf6 3. c4 c6 4. g3 e6 5. Bg2 Bd6 6. 0-0 Nbd7 7. Qc2 0-0 8. Nbd2 Re8 9. e4 dxe4 10. Nxe4 Nxe4 11. Qxe4 Nf6 12. Qc2 Qc7 13. Re1 b6 14. h3 c5 15. Bg5 Bb7 16. Be3 Rac8 17. dxc5 Bxc5 18. Bxc5 Qxc5 19. Rac1 Qe7 20. Qe2 Rc7 21. Ne5 Bxg2 22. Kxg2 Rec8 23. b3 Nd7 24. Nd3 1/2-1/2

[Event "Stevenage 4NCL Easter op U2050"]
[Site "Stevenage"]
[Date "2019.04.20"]
[Round "2"]
[White "Zhu, Hou Ning"]
[Black "Slinger, Tony J"]
[Result "0-1"]
[WhiteElo "1475"]
[BlackElo "1859"]
[PlyCount "98"]
[EventDate "2019.04.19"]
[EventType "swiss"]
[EventRounds "7"]
[EventCountry "ENG"]
[SourceTitle "CBM 190 Extra"]
[Source "ChessBase"]
[SourceDate "2019.07.15"]
[SourceVersion "1"]
[SourceVersionDate "2019.07.15"]
[SourceQuality "1"]

1. c4 Nf6 2. g3 c6 3. Bg2 d5 4. Nf3 g6 5. 0-0 Bg7 6. d4 0-0 7. Nc3 Re8 8. Ne5 e6 9. b3 Nbd7 10. f4 Nf8 11. Bb2 N6d7 12. e3 f5 13. Qe2 Nf6 14. Rfd1 N8d7 15. Rac1 Qe7 16. a3 Bf8 17. b4 Nxe5 18. dxe5 Ne4 19. Nxe4 fxe4 20. b5 Bd7 21. cxd5 exd5 22. Rd4 Rec8 23. Qd2 Be6 24. bxc6 Rxc6 25. Rxc6 bxc6 26. Bf1 Qb7 27. Ra4 Bc5 28. Bd4 Bxd4 29. Rxd4 a5 30. Qc2 Qb6 31. Kf2 Rb8 32. Rd1 c5 33. Rc1 Qb2 34. Be2 Qxc2 35. Rxc2 c4 36. Ke1 Rb3 37. Kd2 Kf8 38. Rc3 Rb8 39. g4 Ke7 40. h4 Kd7 41. Bd1 Kc6 42. g5 Kc5 43. Bc2 d4 44. exd4+ Kxd4 45. Re3 Bf5 46. Rg3 e3+ 47. Rxe3 Bxc2 48. e6 Ba4 49. Re1 c3+ 0-1

[Event "Stevenage 4NCL Easter op U2050"]
[Site "Stevenage"]
[Date "2019.04.19"]
[Round "1"]
[White "Slinger, Tony J"]
[Black "Shenbagakumar, Gautham"]
[Result "1/2-1/2"]
[WhiteElo "1859"]
[BlackElo "1507"]
[PlyCount "96"]
[EventDate "2019.04.19"]
[EventType "swiss"]
[EventRounds "7"]
[EventCountry "ENG"]
[SourceTitle "CBM 190 Extra"]
[Source "ChessBase"]
[SourceDate "2019.07.15"]
[SourceVersion "1"]
[SourceVersionDate "2019.07.15"]
[SourceQuality "1"]

1. c4 e5 2. Nc3 Nf6 3. Nf3 Nc6 4. e3 d6 5. d4 Bg4 6. Be2 Qd7 7. d5 Ne7 8. h3 Bxf3 9. Bxf3 g6 10. e4 Bg7 11. Be3 0-0 12. Qd2 c6 13. 0-0 c5 14. a3 Ne8 15. Be2 f5 16. f3 f4 17. Bf2 Nf6 18. b4 b6 19. bxc5 bxc5 20. Rfb1 Rab8 21. Bd1 a6 22. Be1 Qc7 23. Na4 Rxb1 24. Rxb1 Rb8 25. Qc2 Rxb1 26. Qxb1 Nd7 27. Qb3 Kf7 28. Bc2 g5 29. Bc3 Bf6 30. Nb2 Qa7 31. a4 h5 32. a5 Nc8 33. Nd1 Bd8 34. Qb2 Ne7 35. Ba4 Nb8 36. Nf2 Bc7 37. Kf1 Qa8 38. Nd3 Ng6 39. Kf2 h4 40. Ke2 Ke7 41. Nf2 Kf7 42. Ng4 Kg7 43. Qb3 Ne7 44. Kd3 Ng8 45. Qb2 Nh6 46. Nf2 Kf8 47. Kc2 Ke7 48. Nd3 Nf7 1/2-1/2

[Event "ENG-ch Seniors 65"]
[Site "Solihull"]
[Date "2019.04.06"]
[Round "4"]
[White "Slinger, Tony J"]
[Black "Willetts, Graham J"]
[Result "0-1"]
[WhiteElo "1859"]
[BlackElo "1969"]
[PlyCount "56"]
[EventDate "2019.04.04"]
[EventType "swiss"]
[EventRounds "6"]
[EventCountry "ENG"]
[SourceTitle "CBM 190 Extra"]
[Source "ChessBase"]
[SourceDate "2019.07.15"]
[SourceVersion "1"]
[SourceVersionDate "2019.07.15"]
[SourceQuality "1"]

1. d4 d5 2. Nf3 Nf6 3. e3 e6 4. Bd3 c5 5. c3 Be7 6. Nbd2 Nc6 7. 0-0 0-0 8. Ne5 Nxe5 9. dxe5 Ne8 10. Nf3 f5 11. c4 Nc7 12. Qe2 Qe8 13. Rd1 Bd7 14. Ne1 Rd8 15. f4 Bc6 16. b3 h6 17. a4 a6 18. Ba3 Kh8 19. Rac1 dxc4 20. Bxc4 Rxd1 21. Rxd1 Nd5 22. Bb2 b5 23. axb5 axb5 24. Bd3 Qb8 25. Qf2 Qb7 26. Bf1 Ra8 27. g3 Ra2 28. Bg2 c4 0-1

[Event "ENG-ch Seniors 65"]
[Site "Solihull"]
[Date "2019.04.04"]
[Round "1"]
[White "Myall, Ivan J"]
[Black "Slinger, Tony J"]
[Result "1-0"]
[WhiteElo "2029"]
[BlackElo "1859"]
[PlyCount "49"]
[EventDate "2019.04.04"]
[EventType "swiss"]
[EventRounds "6"]
[EventCountry "ENG"]
[SourceTitle "CBM 190 Extra"]
[Source "ChessBase"]
[SourceDate "2019.07.15"]
[SourceVersion "1"]
[SourceVersionDate "2019.07.15"]
[SourceQuality "1"]

1. e4 c5 2. c3 Nf6 3. e5 Nd5 4. d4 cxd4 5. Nf3 e6 6. cxd4 Nc6 7. Bc4 Nb6 8. Bb3 d6 9. Qe2 dxe5 10. dxe5 Bb4+ 11. Bd2 Bxd2+ 12. Nbxd2 Nd4 13. Nxd4 Qxd4 14. 0-0 Bd7 15. Rfd1 Bc6 16. Nc4 Qh4 17. Nd6+ Ke7 18. Qe3 Nd7 19. Rd4 Qh5 20. f4 g6 21. Bd1 Qh6 22. Qa3 Qf8 23. Nxb7+ Ke8 24. Nd6+ Ke7 25. Rc1 1-0

[Event "BCF-chT3N 1819 (4NCL)"]
[Site "England"]
[Date "2019.02.10"]
[Round "6.43"]
[White "Slinger, Tony J"]
[Black "Richardson, Alex"]
[Result "1/2-1/2"]
[WhiteElo "1861"]
[BlackElo "2131"]
[PlyCount "43"]
[EventDate "2018.11.10"]
[EventType "team-swiss"]
[EventRounds "11"]
[EventCountry "ENG"]
[SourceTitle "EXT 2021"]
[Source "ChessBase"]
[SourceDate "2020.10.23"]
[SourceVersion "1"]
[SourceVersionDate "2020.10.23"]
[SourceQuality "1"]
[WhiteTeam "Bradford DCA Knights II"]
[BlackTeam "Cheddleton II"]
[WhiteTeamCountry "ENG"]
[BlackTeamCountry "ENG"]

1. d4 e6 2. Nf3 Nf6 3. e3 c5 4. Bd3 d5 5. b3 Nc6 6. Bb2 Bd6 7. Nbd2 0-0 8. 0-0 Qe7 9. Ne5 Qc7 10. f4 cxd4 11. exd4 Nb4 12. Ndf3 Nxd3 13. Qxd3 Ne4 14. c4 f6 15. c5 Be7 16. Nc4 Qxf4 17. Ne3 Rd8 18. Nd2 Qh4 19. g3 Nxg3 20. Ng2 Qh6 21. hxg3 b6 22. c6 1/2-1/2

[Event "Harrogate 4NCL op-B 21st"]
[Site "Harrogate"]
[Date "2019.01.20"]
[Round "4"]
[White "Slinger, Tony J"]
[Black "Livesey, R Nigel"]
[Result "1/2-1/2"]
[WhiteElo "1846"]
[BlackElo "1797"]
[PlyCount "59"]
[EventDate "2019.01.18"]
[EventType "swiss"]
[EventRounds "5"]
[EventCountry "ENG"]
[SourceTitle "CBM 188 Extra"]
[Source "ChessBase"]
[SourceDate "2019.02.26"]
[SourceVersion "1"]
[SourceVersionDate "2019.02.26"]
[SourceQuality "1"]

1. d4 e6 2. Nf3 f5 3. Bf4 Nf6 4. e3 Be7 5. h3 d5 6. Bd3 c6 7. c3 Bd7 8. Nbd2 0-0 9. Ne5 Be8 10. g4 Ne4 11. gxf5 exf5 12. Nxe4 fxe4 13. Be2 Bh4 14. Rg1 Nd7 15. Nxd7 Bxd7 16. Bg4 Rxf4 17. exf4 e3 18. Kf1 Bxf2 19. Rg2 Qe7 20. Bxd7 Qxd7 21. Qg4 Qe7 22. Ke2 Rf8 23. Rf1 Kh8 24. Qg5 Qf7 25. Qe5 Qd7 26. Rg4 h6 27. Rxf2 exf2 28. Kxf2 Rf5 29. Rxg7 Rxf4+ 30. Qxf4 1/2-1/2

[Event "BCF-ch Seniors 65"]
[Site "Hull"]
[Date "2018.08.04"]
[Round "7"]
[White "Smith, David"]
[Black "Slinger, Tony J"]
[Result "1/2-1/2"]
[WhiteElo "1916"]
[BlackElo "1845"]
[PlyCount "31"]
[EventDate "2018.07.29"]
[EventType "swiss"]
[EventRounds "7"]
[EventCountry "ENG"]
[SourceTitle "EXT 2021"]
[Source "ChessBase"]
[SourceDate "2020.10.23"]
[SourceVersion "1"]
[SourceVersionDate "2020.10.23"]
[SourceQuality "1"]

1. e4 c5 2. Nf3 d6 3. d4 cxd4 4. Nxd4 Nf6 5. Nc3 a6 6. Bc4 e6 7. Bb3 Nbd7 8. 0-0 Nc5 9. f3 Nxb3 10. Nxb3 Be7 11. Be3 Bd7 12. Qe2 Bc6 13. Rad1 Qc7 14. Qf2 b5 15. Nd4 0-0 16. Nxc6 1/2-1/2

[Event "BCF-ch Seniors 65"]
[Site "Hull"]
[Date "2018.07.29"]
[Round "1"]
[White "Bowmer, Kevin"]
[Black "Slinger, Tony J"]
[Result "1-0"]
[WhiteElo "2039"]
[BlackElo "1845"]
[PlyCount "89"]
[EventDate "2018.07.29"]
[EventType "swiss"]
[EventRounds "7"]
[EventCountry "ENG"]
[SourceTitle "CBM 185 Extra"]
[Source "ChessBase"]
[SourceDate "2018.07.29"]
[SourceVersion "1"]
[SourceVersionDate "2018.07.29"]
[SourceQuality "1"]

1. e4 c5 2. Nf3 Nc6 3. d4 cxd4 4. Nxd4 e5 5. Nb5 d6 6. N1c3 a6 7. Na3 Be7 8. Nc4 b5 9. Ne3 Nf6 10. g3 0-0 11. Bg2 Be6 12. 0-0 Rc8 13. Ncd5 Bxd5 14. exd5 Nb8 15. c3 Nbd7 16. a4 Nb6 17. axb5 axb5 18. Nc2 Ra8 19. Rxa8 Qxa8 20. Nb4 Re8 21. b3 Nbd7 22. Be3 Bd8 23. Qe2 Nc5 24. Qxb5 Nxb3 25. Nc6 Qa3 26. Rb1 Nc5 27. Bxc5 dxc5 28. c4 e4 29. Qb3 Qa6 30. Re1 Bc7 31. Qc2 h6 32. Bxe4 g5 33. Re2 Qa1+ 34. Kg2 Be5 35. Bd3 Bd4 36. d6 Rxe2 37. Qxe2 Kg7 38. Ne7 h5 39. Nf5+ Kg8 40. h3 g4 41. hxg4 hxg4 42. Qd2 Qa8+ 43. Kh2 Qf3 44. Nxd4 cxd4 45. Bc2 1-0

[Event "Basingstoke 4NCL Spring Bank op-B 1st"]
[Site "Basingstoke"]
[Date "2018.05.27"]
[Round "4"]
[White "Davidson, Laura"]
[Black "Slinger, Tony J"]
[Result "1/2-1/2"]
[WhiteElo "1632"]
[BlackElo "1875"]
[PlyCount "63"]
[EventDate "2018.05.25"]
[EventType "swiss"]
[EventRounds "7"]
[EventCountry "ENG"]
[SourceTitle "CBM 184 Extra"]
[Source "ChessBase"]
[SourceDate "2018.06.28"]
[SourceVersion "1"]
[SourceVersionDate "2018.06.28"]
[SourceQuality "1"]

1. d4 d5 2. Nf3 Nf6 3. Bg5 Nbd7 4. e3 h6 5. Bxf6 Nxf6 6. Bd3 e6 7. Nbd2 c5 8. c3 Bd7 9. 0-0 Bd6 10. Re1 Bc6 11. Qe2 Ne4 12. Rac1 0-0 13. dxc5 Nxc5 14. Bc2 f5 15. Nb3 Ne4 16. Bb1 Rc8 17. c4 dxc4 18. Rxc4 Bd5 19. Rxc8 Qxc8 20. Rc1 Qd8 21. Nbd4 a6 22. Nc2 Qc7 23. Rd1 Bc4 24. Qe1 Qb6 25. Nd2 Bd5 26. Nxe4 fxe4 27. Qc3 a5 28. Qd4 Bc5 29. Qc3 Be7 30. Qd4 Qxd4 31. Nxd4 Rc8 32. h3 1/2-1/2

[Event "BCF-chT3N 1718 (4NCL)"]
[Site "England"]
[Date "2018.05.07"]
[Round "11.42"]
[White "Slinger, Tony J"]
[Black "Bak, Christopher"]
[Result "1/2-1/2"]
[WhiteElo "1869"]
[BlackElo "2041"]
[PlyCount "37"]
[EventDate "2017.11.11"]
[EventType "team-swiss"]
[EventRounds "11"]
[EventCountry "ENG"]
[SourceTitle "EXT 2020"]
[Source "ChessBase"]
[SourceDate "2019.10.17"]
[SourceVersion "1"]
[SourceVersionDate "2019.10.17"]
[SourceQuality "1"]
[WhiteTeam "Bradford DCA Knights II"]
[BlackTeam "Bradford DCA Knights"]
[WhiteTeamCountry "ENG"]
[BlackTeamCountry "ENG"]

1. Nf3 c5 2. c4 Nc6 3. Nc3 Nd4 4. e3 Nxf3+ 5. Qxf3 g6 6. b3 Bg7 7. Bb2 d6 8. h3 Nh6 9. g4 f5 10. g5 Nf7 11. Qg3 Bd7 12. 0-0-0 e6 13. f4 Qa5 14. Kb1 0-0-0 15. Bg2 h6 16. h4 hxg5 17. hxg5 Bc6 18. Bxc6 bxc6 19. Qg2 1/2-1/2

[Event "Doncaster 4NCL op-B 18th"]
[Site "Doncaster"]
[Date "2018.04.15"]
[Round "5.7"]
[White "Cawston, M John"]
[Black "Slinger, Tony J"]
[Result "0-1"]
[WhiteElo "1864"]
[BlackElo "1869"]
[PlyCount "104"]
[EventDate "2018.04.13"]
[EventType "swiss"]
[EventRounds "5"]
[EventCountry "ENG"]
[SourceTitle "EXT 2023"]
[Source "ChessBase"]
[SourceDate "2022.10.05"]
[SourceVersion "1"]
[SourceVersionDate "2022.10.05"]
[SourceQuality "1"]

1. Nf3 Nf6 2. d4 g6 3. c4 Bg7 4. Nc3 0-0 5. g3 d6 6. Bg2 Nc6 7. 0-0 a6 8. h3 Rb8 9. Be3 Bd7 10. Rc1 e5 11. d5 Ne7 12. c5 Nf5 13. Bg5 h6 14. Bd2 e4 15. Ne1 dxc5 16. Nxe4 Nxe4 17. Bxe4 b6 18. Bc3 Re8 19. Bg2 Nd6 20. Bxg7 Kxg7 21. Nc2 Qf6 22. b3 Bb5 23. Ne3 h5 24. Qc2 a5 25. Bf3 Bd7 26. Kh2 Nb5 27. Bg2 Nd4 28. Qd2 Bb5 29. Rce1 Rbd8 30. Nc4 a4 31. Qc3 axb3 32. axb3 c6 33. dxc6 Nxc6 34. Qf3 Nd4 35. Qxf6+ Kxf6 36. Nxb6 Bxe2 37. Rg1 Nxb3 38. Nd5+ Kg7 39. Nc3 Bd3 40. Bc6 Rxe1 41. Rxe1 Nd4 42. Bg2 Rd7 43. Re5 c4 44. Rc5 Ne6 45. Rc6 Rc7 46. Ra6 Nd4 47. Nd5 Rc5 48. Nf4 Bf5 49. Bf1 c3 50. Ra1 c2 51. Rc1 Nb3 52. Nd3 Bxd3 0-1

[Event "Frodsham op"]
[Site "Frodsham"]
[Date "2018.02.04"]
[Round "4"]
[White "Slinger, Tony J"]
[Black "Newton, Robert"]
[Result "1/2-1/2"]
[WhiteElo "1868"]
[BlackElo "1973"]
[PlyCount "112"]
[EventDate "2018.02.02"]
[EventType "swiss"]
[EventRounds "5"]
[EventCountry "ENG"]
[SourceTitle "CBM 182 Extra"]
[Source "ChessBase"]
[SourceDate "2018.02.23"]
[SourceVersion "1"]
[SourceVersionDate "2018.02.23"]
[SourceQuality "1"]

1. e4 c5 2. Nf3 d6 3. d4 cxd4 4. Nxd4 Nf6 5. Nc3 g6 6. Be3 Bg7 7. f3 0-0 8. Qd2 Nc6 9. 0-0-0 Bd7 10. h4 h5 11. Bc4 Rc8 12. Bb3 Nxd4 13. Bxd4 b5 14. Bxa7 b4 15. Nd5 Nxd5 16. exd5 Qa5 17. Bd4 Rxc2+ 18. Bxc2 Qxa2 19. Bxg7 Qa1+ 20. Bb1 Rc8+ 21. Bc3 Bf5 22. Qd4 bxc3 23. bxc3 Qxb1+ 24. Kd2 Qc2+ 25. Ke1 Qxg2 26. Rf1 Qc2 27. Rd2 Qb3 28. Qb4 Qxc3 29. Qxc3 Rxc3 30. Kf2 Kg7 31. Re1 Kf6 32. Ra1 Rc7 33. Re1 g5 34. hxg5+ Kxg5 35. Rde2 e6 36. dxe6 fxe6 37. Rxe6 Bxe6 38. Rxe6 Rc2+ 39. Ke3 Rc3+ 40. Ke2 Rc6 41. Re8 h4 42. Rh8 d5 43. Rd8 Rc5 44. Ke3 h3 45. Rh8 Rc3+ 46. Kd4 Rxf3 47. Kxd5 Kg4 48. Ke4 Rf7 49. Ke3 Kg3 50. Rg8+ Kh2 51. Ke2 Kh1 52. Rh8 h2 53. Rg8 Ra7 54. Kf2 Ra1 55. Rf8 Ra7 56. Rg8 Ra1 1/2-1/2

[Event "Harrogate 4NCL op-B 17th"]
[Site "Harrogate"]
[Date "2018.01.20"]
[Round "3"]
[White "De Coverly, Roger D"]
[Black "Slinger, Tony J"]
[Result "1-0"]
[WhiteElo "1969"]
[BlackElo "1863"]
[PlyCount "69"]
[EventDate "2018.01.19"]
[EventType "swiss"]
[EventRounds "5"]
[EventCountry "ENG"]
[SourceTitle "CBM 182 Extra"]
[Source "ChessBase"]
[SourceDate "2018.02.23"]
[SourceVersion "1"]
[SourceVersionDate "2018.02.23"]
[SourceQuality "1"]

1. e4 d6 2. d4 Nf6 3. Nc3 g6 4. Be3 c6 5. Qd2 Qc7 6. h3 b5 7. Bd3 Nbd7 8. f4 b4 9. Nce2 a5 10. c4 bxc3 11. Nxc3 Ba6 12. Bxa6 Rxa6 13. Nf3 Bg7 14. e5 Nd5 15. Nxd5 cxd5 16. 0-0 0-0 17. Rac1 Qb7 18. Rc3 Nb6 19. b3 a4 20. Rfc1 Na8 21. Qc2 axb3 22. axb3 Qa7 23. Rc8 Rb6 24. Rxf8+ Bxf8 25. f5 Rb8 26. e6 fxe6 27. fxg6 h6 28. g7 Kxg7 29. Nh4 Qd7 30. Qg6+ Kh8 31. Bxh6 Qe8 32. Qxe6 Bxh6 33. Qxh6+ Kg8 34. Rf1 Nc7 35. Ng6 1-0

[Event "Harrogate 4NCL op-B 17th"]
[Site "Harrogate"]
[Date "2018.01.19"]
[Round "1"]
[White "Brooke, John1111"]
[Black "Slinger, Tony J"]
[Result "0-1"]
[WhiteElo "1622"]
[BlackElo "1863"]
[PlyCount "64"]
[EventDate "2018.01.19"]
[EventType "swiss"]
[EventRounds "5"]
[EventCountry "ENG"]
[SourceTitle "CBM 182 Extra"]
[Source "ChessBase"]
[SourceDate "2018.02.23"]
[SourceVersion "1"]
[SourceVersionDate "2018.02.23"]
[SourceQuality "1"]

1. Nc3 Nf6 2. g3 e5 3. Bg2 d5 4. e3 c6 5. d3 Bd6 6. h3 Nbd7 7. a3 0-0 8. g4 Ne8 9. Nf3 Nc7 10. Bd2 Re8 11. Ne2 Nf8 12. Ng3 e4 13. Nd4 Bxg3 14. fxg3 exd3 15. cxd3 Nce6 16. Nf5 Nc5 17. 0-0 Bxf5 18. Rxf5 Nxd3 19. Qb3 Nc5 20. Qa2 Ne4 21. Bxe4 Rxe4 22. Raf1 Qc7 23. Kg2 Re7 24. b4 Rae8 25. Qb3 Ng6 26. Bc1 Ne5 27. Bb2 Nc4 28. Bd4 Nxe3+ 29. Bxe3 Rxe3 30. Rxf7 Qxg3+ 31. Kh1 Qxh3+ 32. Kg1 Qxg4+ 0-1

[Event "BCF-chT3N 1718 (4NCL)"]
[Site "England"]
[Date "2017.11.11"]
[Round "1.95"]
[White "Mahoney, Nicholas"]
[Black "Slinger, Tony J"]
[Result "0-1"]
[WhiteElo "1707"]
[BlackElo "1866"]
[PlyCount "52"]
[EventDate "2017.11.11"]
[EventType "team-swiss"]
[EventRounds "11"]
[EventCountry "ENG"]
[SourceTitle "EXT 2020"]
[Source "ChessBase"]
[SourceDate "2019.10.17"]
[SourceVersion "1"]
[SourceVersionDate "2019.10.17"]
[SourceQuality "1"]
[WhiteTeam "Bradford DCA Knights III"]
[BlackTeam "Bradford DCA Knights II"]
[WhiteTeamCountry "ENG"]
[BlackTeamCountry "ENG"]

1. e4 c5 2. Nf3 d6 3. d4 cxd4 4. Qxd4 a6 5. Be3 Nc6 6. Qb6 Qxb6 7. Bxb6 Nf6 8. Nc3 g6 9. h3 Bg7 10. Bd3 0-0 11. 0-0-0 Nd7 12. Nd5 e6 13. Bc7 exd5 14. exd5 Nce5 15. Bxd6 Nxd3+ 16. Rxd3 Re8 17. Rf1 b5 18. b3 Bb7 19. Bg3 Nc5 20. Rdd1 Ne4 21. d6 Nxg3 22. fxg3 Red8 23. Ng5 Bh6 24. h4 Rd7 25. Kb1 Rad8 26. Rfe1 Bf8 0-1

[Event "Wakefield 4NCL op 13th"]
[Site "Wakefield"]
[Date "2017.04.08"]
[Round "2"]
[White "Slinger, Tony J"]
[Black "Shaw, Peter"]
[Result "1/2-1/2"]
[WhiteElo "1905"]
[BlackElo "2083"]
[PlyCount "55"]
[EventDate "2017.04.07"]
[EventType "swiss"]
[EventRounds "5"]
[EventCountry "ENG"]
[SourceTitle "CBM 177 Extra"]
[Source "ChessBase"]
[SourceDate "2017.04.27"]
[SourceVersion "1"]
[SourceVersionDate "2017.04.27"]
[SourceQuality "1"]

1. e4 d6 2. d4 Nf6 3. Nc3 c6 4. g3 Nbd7 5. Bg2 e5 6. Nge2 b5 7. 0-0 Be7 8. h3 0-0 9. a4 b4 10. Na2 a5 11. c3 c5 12. d5 Ba6 13. b3 bxc3 14. Naxc3 Rb8 15. Qc2 Qc7 16. Bd2 Rfc8 17. Rfc1 Qa7 18. Nb5 Bxb5 19. axb5 Rxb5 20. b4 Rcb8 21. Rxa5 Qb6 22. bxc5 Nxc5 23. Rxb5 Qxb5 24. Nc3 Qb2 25. Be3 Nfd7 26. Qxb2 Rxb2 27. Rb1 Rxb1+ 28. Nxb1 1/2-1/2

[Event "BCF-chT3N 1617 (4NCL)"]
[Site "England"]
[Date "2017.02.12"]
[Round "6.34"]
[White "Staples, Maurice J"]
[Black "Slinger, Tony J"]
[Result "1-0"]
[WhiteElo "2035"]
[BlackElo "1905"]
[PlyCount "121"]
[EventDate "2016.11.26"]
[EventType "team-swiss"]
[EventRounds "11"]
[EventCountry "ENG"]
[SourceTitle "EXT 2019"]
[Source "ChessBase"]
[SourceDate "2018.10.10"]
[SourceVersion "1"]
[SourceVersionDate "2018.10.10"]
[SourceQuality "1"]
[WhiteTeam "Hounds and Bears"]
[BlackTeam "Bradford DCA Knights II"]
[WhiteTeamCountry "ENG"]
[BlackTeamCountry "ENG"]

1. e4 e5 2. Nf3 Nc6 3. d4 exd4 4. Nxd4 Nf6 5. Nxc6 bxc6 6. Bd3 d5 7. e5 Ng4 8. Qe2 Bc5 9. 0-0 Qh4 10. h3 Nh6 11. Be3 Bxe3 12. Qxe3 0-0 13. Nd2 Re8 14. Rfe1 a5 15. Nf3 Qe7 16. Rac1 Nf5 17. Qf4 g6 18. c4 Ng7 19. Nd4 Ne6 20. Qe3 Nxd4 21. Qxd4 Rd8 22. cxd5 cxd5 23. Qc5 Qxc5 24. Rxc5 Ra7 25. Rec1 Rd7 26. Bb5 Re7 27. Rxd5 Be6 28. Rd8+ Kg7 29. b3 f6 30. exf6+ Kxf6 31. Rf8+ Kg7 32. Re8 Kf7 33. Rxe7+ Kxe7 34. Bc4 Bxc4 35. Rxc4 Kd6 36. Kf1 c5 37. Ke2 Re7+ 38. Kf3 Kc6 39. Re4 Rd7 40. Re2 Kb5 41. Re4 Rd2 42. a4+ Kc6 43. Re6+ Kd5 44. Rb6 Rb2 45. Ke3 Ra2 46. Rb5 Rb2 47. h4 Rc2 48. g3 Rc3+ 49. Kf4 Kd4 50. f3 Kd5 51. g4 Kd4 52. h5 gxh5 53. gxh5 c4 54. bxc4 Rxc4 55. Rxa5 Kd3+ 56. Kg5 Ke3 57. f4 Kf3 58. h6 Kg3 59. f5 Rh4 60. Ra7 Rg4+ 61. Kf6 1-0